00301nam a22001337a 4500003000400000020001800004082001800022100001800040245004900058250000800107260001900115300000900134650002400143SGT a9788131253472 a617.645bP24M aMuthu, M. S.  aPediatric DentistrybPrinciples and Practice a3rd bElsevierc2024 a1100 aPediatric Dentistry